000 00735cab a2200241 4500
001 WB3432-18
008 090401t1998 xxu||||| |||| 00| 0 eng d
035 _a(Sirsi) u88071
041 _aeng
245 _aRichest area worst off
260 _c1998
350 _a0
490 _aTimes
_v19 August 1998, 7(2)
520 _aThe CPRE claims that the quality of life in economic `boom` areas such as the south east is actually worse than in regions which are rated low on economic success. Table.
650 _aECONOMIC GROWTH
650 _aQUALITY OF LIFE
650 _aREGIONAL DIFFERENCES
650 _aREGIONAL ECONOMICS
650 _aRURAL AREAS
690 _aECONOMIC AND SOCIAL
942 _n0
948 _c20/08/1998
999 _c55622
_d55622